RICS survey writer (Record no. 112111)

MARC details
000 -LEADER
fixed length control field 01531cam a22003015a 4500
001 - CONTROL NUMBER
control field E152558
008 - FIXED-LENGTH DATA ELEMENTS--GENERAL INFORMATION
fixed length control field 110328s2011 xxk f 000 0 eng d
020 ## - INTERNATIONAL STANDARD BOOK NUMBER
International Standard Book Number 9781842196403
035 ## - SYSTEM CONTROL NUMBER
System control number (Sirsi) u152558
041 0# - LANGUAGE CODE
Language code of text/sound track or separate title eng
050 04 - LIBRARY OF CONGRESS CALL NUMBER
Classification number 333.332 $2 18
100 1# - MAIN ENTRY--PERSONAL NAME
Personal name Parnham, Phil
245 00 - TITLE STATEMENT
Title RICS survey writer
Remainder of title sample phrases for the RICS homebuyer report
250 ## - EDITION STATEMENT
Edition statement 2nd ed.
260 ## - PUBLICATION, DISTRIBUTION, ETC.
Place of publication, distribution, etc. Coventry
Name of publisher, distributor, etc. RICS
Date of publication, distribution, etc. 2011
300 ## - PHYSICAL DESCRIPTION
Extent iv, 186p.
Other physical details spiral bound
Dimensions 30cm.
505 2# - FORMATTED CONTENTS NOTE
Formatted contents note Introduction -- Section B, about the inspection -- Section C, overall opinion -- Section D, about the property -- Section E, outside the property -- Section F, inside of the property -- Section G, services -- Section H, grounds (including shared areas for flats) -- Section I, issues for your legal advisors -- Section J, risks -- Section K, valuation -- Sample report
520 ## - SUMMARY, ETC.
Summary, etc. Provides sample phrases designed to support surveyors who deliver the RICS HomeBuyer report. The text can be edited as necessary to produce individual reports.
520 ## - SUMMARY, ETC.
Summary, etc. Supersedes first edition (ISBN 9781842195338).
520 ## - SUMMARY, ETC.
Summary, etc. Sample or stock phrases are no longer recommended for the Home Survey Standard due to risks of creating a report that is not driven by the needs of the client or the property.
521 ## - TARGET AUDIENCE NOTE
Target audience note Advanced
590 ## - LOCAL NOTE (RLIN)
Local note KA
650 24 - SUBJECT ADDED ENTRY--TOPICAL TERM
Topical term or geographic name entry element HOMEBUYERS REPORT
651 #4 - SUBJECT ADDED ENTRY--GEOGRAPHIC NAME
Geographic name United Kingdom
690 ## - LOCAL SUBJECT ADDED ENTRY--TOPICAL TERM (OCLC, RLIN)
Topical term or geographic name as entry element PROPERTY-RESIDENTIAL PROPERTY-RESIDENTIAL PROPERTY APPRAISAL AND VALUATION
700 1# - ADDED ENTRY--PERSONAL NAME
Personal name Littler, Tom
942 ## - ADDED ENTRY ELEMENTS (KOHA)
Suppress in OPAC 0
Source of classification or shelving scheme Dewey Decimal Classification
Holdings
Withdrawn status Lost status Damaged status Not for loan Home library Current library Shelving location Date acquired Total Checkouts Full call number Barcode Date last seen Copy number Price effective from Koha item type Source of classification or shelving scheme
        London London RICS Boxes 17/05/2011   RICS 2011/6 30075500 06/08/2019 2 06/08/2019 Book  
        London London Books 17/05/2011   F333.332 PAR 30075501 06/08/2019 3 06/08/2019 Book Dewey Decimal Classification
        London London RICS Boxes 06/06/2011   RICS 2011/6 30075632 06/08/2019 1 06/08/2019 Archive Dewey Decimal Classification